APUSH dates - Statistics

General Stats
  • This quiz has been taken 69 times
  • The average score is 7 of 33
Answer Stats
Hint Answer % Correct
1607 Jamestown
85%
1776 Declaration of Independence
73%
1812-1815 War of 1812
52%
1800 Thomas Jefferson
48%
1803 Louisiana Purchase
42%
1850 Compromise of 1850
39%
April 9, 1865 End of Civil War
39%
1754-1763 French and Indian War
33%
1620 Mayflower
30%
1820 Missouri Compromise
27%
1775 Lexington and Concord
24%
1620-1734 Era of Colonization
21%
1781 Yorktown
21%
1730s Great Awakening
18%
1693 Salem Witch Trials
18%
1783 Treaty of Paris
18%
1823 Monroe Doctrine
15%
1609-10 Desperate Times
12%
April 12, 1861 Fort Sumter
12%
1830s Age of Jackson
9%
1828 Andrew Jackson Elected
9%
1854 Kansas-Nebraska Act
9%
1754 Albany Plan
6%
1799 Alien and Sedition Acts
6%
1777 Articles of Confederation
6%
September 17, 1862 Battle of Antietam
6%
1840s Manifest Destiny
6%
1791 Bill of Rights
3%
1863 Emancipation Proclaimation
3%
1825 Erie Canal
3%
1853 Gadsden Purchase
3%
1854 Popular Sovereignty
0%
1835-36 Texas War for Independence
0%
No matching quizzes found
Score Distribution
Percent of People with Each Score
Percentile by Number Answered
Your Score History
You have not taken this quiz